|
|
|
|
| LEADER |
00000naa2a2200000 4500 |
| 001 |
683104 |
| 005 |
20251203114439.0 |
| 090 |
|
|
|a 683104
|
| 100 |
|
|
|a 20251114d2025 k||y0rusy50 ca
|
| 101 |
0 |
|
|a rus
|
| 102 |
|
|
|a RU
|
| 135 |
|
|
|a drcn ---uucaa
|
| 200 |
1 |
|
|a Особенности распространения лазерных импульсов в гетерогенной среде
|f Р. Р. Яруллов, В. Ф. Мышкин, В. А. Хан, В. Басс
|
| 320 |
|
|
|a Список литературы: 1 назв
|
| 336 |
|
|
|a Текстовый файл
|
| 463 |
|
1 |
|0 682852
|9 682852
|t Физико-технические проблемы в науке, промышленности и медицине
|o сборник тезисов докладов XII Международной научно-практической конференции, г. Томск, 10–12 сентября 2025 г.
|c Томск
|d 2025
|n Изд-во ТПУ
|u conference_tpu-2025-C49.pdf
|v С. 76-77
|
| 545 |
1 |
|
|a Инновационные технологии и материалы
|
| 610 |
1 |
|
|a труды учёных ТПУ
|
| 610 |
1 |
|
|a электронный ресурс
|
| 610 |
1 |
|
|a лазерные системы
|
| 610 |
1 |
|
|a фотоприемник
|
| 610 |
1 |
|
|a оптическое излучение
|
| 701 |
|
1 |
|a Яруллов
|b Р. Р.
|
| 701 |
|
1 |
|a Мышкин
|b В. Ф.
|c физик
|c профессор Томского политехнического университета, доктор физико-математических наук
|f 1962-
|g Вячеслав Фёдорович
|9 12476
|
| 701 |
|
1 |
|a Хан
|b В. А.
|c физик
|c доцент Томского политехнического университета, доктор технических наук
|f 1952-
|g Валерий Алексеевич
|9 15340
|
| 701 |
|
1 |
|a Басс
|b В.
|
| 801 |
|
0 |
|a RU
|b 63413507
|c 20251114
|
| 850 |
|
|
|a 63413507
|
| 856 |
|
4 |
|u http://earchive.tpu.ru/handle/11683/133325
|z http://earchive.tpu.ru/handle/11683/133325
|
| 942 |
|
|
|c CF
|